LEADER 01823nam 2200385 n 450 001 996384807903316 005 20231219231039.0 035 $a(CKB)4940000000073649 035 $a(EEBO)2248503891 035 $a(UnM)ocm11792008e 035 $a(UnM)11792008 035 $a(EXLCZ)994940000000073649 100 $a19850311d1684 uy 101 0 $aeng 135 $aurbn#|||a|bb| 200 13$aAn essay to heraldry$b[electronic resource] $ein two parts. The first containing (in a concise but methodical method, by rules and explanations of bearings) the body of heraldry: the second, honour civil and military; being a treatise of the nobility and gentry of England, as to their priviledges, dignities, &c. according to the laws and customs of our realm. The whole illustrated with variety of apt and proper sculptures, for the better explanation thereof 210 $aLondon, $cPrinted by T.B. for Rich. Blome, and sold by him at his lodgings at Mr. Conines next the hanging Sword in Salisbury Court$d1684 215 $a[8], 243, [i.e., 259], [13] p.$cill., coat of arms 300 $a"Epistle dedicatory" signed: Richard Blome. 300 $aItem at reel 867:16 incorrectly identified as: Twenty select colloquies by Desiderius Erasmus (Wing E3211). 300 $aReproductions of originals in Henry E. Huntington Library and Art Gallery and Duke University Library. 330 $aeebo-0113 606 $aHeraldry$zEngland$vEarly works to 1800 606 $aNobility$zEngland$vEarly works to 1800 615 0$aHeraldry 615 0$aNobility 700 $aBlome$b Richard$f1635-1705.$01005190 801 0$bCu-RivES 801 1$bCu-RivES 801 2$bCStRLIN 801 2$bCu-RivES 906 $aBOOK 912 $a996384807903316 996 $aAn essay to heraldry$92341372 997 $aUNISA LEADER 01222nam 2200409 450 001 9910824145703321 005 20200124140051.0 010 $a2-8062-9967-5 035 $a(CKB)4340000000245719 035 $a(Au-PeEL)EBL5288592 035 $a(CaPaEBR)ebr11511547 035 $a(OCoLC)1023550858 035 $a(MiAaPQ)EBC5288592 035 $a(EXLCZ)994340000000245719 100 $a20200124d2018 uy 0 101 0 $aspa 135 $aurcnu|||||||| 181 $ctxt$2rdacontent 182 $cc$2rdamedia 183 $acr$2rdacarrier 200 10$aAcaba con la procrastinacio?n $elas claves para gestionar tu tiempo /$fpor Aure?lie Dochy ; traducido por Laura Soler Pinson 210 1$a[Place of publication not identified] :$c50Minutos.es,$d[2018] 210 4$dİ2018 215 $a1 online resource (30 pages) 225 1 $aSalud y bienestar 410 0$aSalud y bienestar. 606 $aProcrastination 615 0$aProcrastination. 676 $a155.232 700 $aDochy$b Aure?lie$01682240 801 0$bMiAaPQ 801 1$bMiAaPQ 801 2$bMiAaPQ 906 $aBOOK 912 $a9910824145703321 996 $aAcaba con la procrastinacio?n$94052224 997 $aUNINA